00903nam a22002417a 45000010005000000030006000050050017000110080041000280400029000690500015000980820010001131000018001232450084001412500037002252600037002623000063002995050007003625200175003695210021005445210018005656500044005837000034006276856FISKH20250827142914.0250603b cb ||||| |||| 00| 0 eng d aFISKHbengcFISKHdFISKH aQA113 .A52 a513.5 aAker, Suzanne aWhat comes in 2's, 3's, & 4's?cby Suzanne Aker ; illustrated by Bernie Karlin  aFirst Scholastic printing, 1993  aNew York : bScholastic, c1990. a40 unnumbere pages : bcolor illustrations ; c21 x 26 cm  aJ  aIntroduces the numbers two, three, and four by enumerating the ways in which they occur in everyday life, from your two eyes and two arms to the four seasons of the year.8 a470 bLexile AD 8 aJ bRaz-Plus  aConcepts CountingvNumbers and Counting aKarlin, Bernie eillustrator